000 00542nam a2200229Ia 4500
003 IT-RoPAU
008 120407s9999 xx 000 0 und d
040 _aIT-RoPAU
040 _cIT-RoPAU
041 _aita
100 _aRené Rémond
245 _a"Introduzione alla storia contemporanea 1. L’antico regime e la rivoluzione francese 1750 - 1815"
250 _aMilano
260 _aRizzoli
260 _c1976
300 _a211 p.
300 _c18 cm
490 _aBur storia
490 _v98
942 _cBK
999 _c28808
_d28808